000 00220nam a22000857a 4500
008 161209b xxu||||| |||| 00| 0 eng d
100 _91962
_aMohindroo.K.K.
245 _aPhysics Lab Manuel-XI-I
260 _aNew Delhi
_bPPC
_c2011
999 _c4756
_d4756